000 00361nam a22001337a 4500
020 _a9780751565355
040 _cNUST
082 _a823
_bHAR
100 _aRowling, J K
_911309
110 _aThrone, Jack Tiffany, John
_981714
245 _aHarry Potter And The Cursed Child
260 _aLondon:
_bLittle Brown And Company Hachette,
_c2016.
942 _2ddc
_cBK
999 _c586202
_d586202